000 00584nam a2200205 4500
001 124042
003 ES-MaACL
007 t|
008 070214s1985 sp r ||||1| spa d
020 _a84-7509-120-2
100 1 _aRank, Otto.
_995423
245 1 3 _aEl trauma del nacimiento /
_cOtto Rank ; traducción de Nilda M. Finetti.
260 _aBarcelona :
_bPaidos,
_c1985.
300 _a194 p. ;
_c20 cm.
490 1 _aStudio ;
_v21
700 1 _aFinetti, Nilda M.
_950891
830 0 _aStudio ;
_v21
_9183890
852 _aES-MaACL
_jL-9896
_bR.111798
999 _c124042
_d124042